000
00328nam a2200133Ia 4500
999
_c
10777
_d
10777
008
191201s2011 xx 000 0 und d
082
_a
658.12
_b
NOC
100
_a
NOLAKHA, Ratan
245
0
_a
Company Law and Practice
260
_a
New Delhi
_b
Vikas Pub. House
_c
2015
300
_a
Misc
650
_a
B Com
942
_2
ddc
_c
BK
_0
4